| 000 | 02928Cam#a2200457#a#4500 | ||
|---|---|---|---|
| 003 | AR-BeUNQ | ||
| 005 | 20250408190027.0 | ||
| 008 | 160229r2013 ag abdoj#f #000|0#spa#d | ||
| 020 | _a9789504631132 | ||
| 040 |
_aAR-BeUNQ _bspa _cAR-BeUNQ _eaacr |
||
| 082 | 0 | 4 |
_a907 _221 |
| 245 | 0 | 0 |
_aCiencias sociales. _cbajo la dirección de Graciela Pérez de Lois ; Alejandro J. Balbiano... [et al.] ; editoras, Benjamín F. Carabajal y Adriana Llano. _n1 / |
| 250 | _a1a. ed., 2a. reimpr. | ||
| 260 |
_aBuenos Aires : _bSantillana, _c2013. |
||
| 300 |
_a256 p. : _bil., fot., mapas, gráficos ; _c27 cm. |
||
| 490 | 1 | _aConocer + | |
| 504 | _aIncluye referencias bibliográficas. | ||
| 505 | 0 | _aLa historia, una ventana hacia el pasado -- Los seres humanos se expanden por el mundo -- Las primeras huellas en nuestro continente -- El neolítico: una época de cambios revolucionarios -- Ciudades e imperios de la anigua Mesopotamia -- Egipto, la tierra de los faraones -- Pequeños y grandes estados del primer milenio a.C. -- Dos grandes áreas culturales en América -- El apogeo de Mesoamérica y del mundo andino -- Grecia. De los orígenes a los reinos helenísticos -- La cultura griega -- Roma. De los orígenes al imperio -- Roma y la cultura occidental -- Los comienzos de la edad media -- El nacimiento del feudalismo -- Expansión y crisis de la sociedad feudal -- El mundo en que vivimos -- Las características de la superficie terrestre -- El clima del mundo -- Aguas oceánicas y continentales -- Los biomas -- Las sociedades del mundo -- Espacios urbanos -- Espacios rurales -- Los problemas ambientales -- Propuestas de trabajo | |
| 650 | 7 |
_aCiencias sociales _2toit |
|
| 650 | 7 |
_aHistoria _2spines |
|
| 650 | 7 |
_aPrehistoria _2spines |
|
| 650 | 7 |
_aHistoria antigua _2spines |
|
| 650 | 7 |
_aHistoria medieval _2spines |
|
| 650 | 7 |
_aGeografía _2spines |
|
| 650 | 7 |
_aGeografía política _2spines |
|
| 650 | 7 |
_aGeografía física _2spines |
|
| 650 | 7 |
_aManuales _2spines |
|
| 650 | 7 |
_aEnseñanza media _2spines |
|
| 700 | 1 |
_aPérez de Lois, Graciela, _edirectora _4drt |
|
| 700 | 1 |
_aBalbiano, Alejandro J, _eautora. _4aut |
|
| 700 | 1 |
_aCarabajal, Benjamín F, _eeditor. _4edt |
|
| 700 | 1 |
_aLlano, Adriana, _eeditora _4edt |
|
| 830 | 0 | _aConocer + (Santillana). | |
| 929 |
_aCOMPRA _bEl Monje Libros _cCompra 2015 Exp. 827-2158/15 _d255,60 _e20151229 _fPAT0062169 _j54149 |
||
| 929 |
_aDONACION _bBiblioteca Municipal de Quilmes _c0 _d0 _e03/10/2022 _fPAT 0082107 _j60583 |
||
| 929 |
_aCOMPRA _bEl Monje Libros _cCompra 2015 Exp. 827-2158/15 _d255,60 _e20151229 _fPAT0062170 _j54150 |
||
| 929 |
_aCOMPRA _bEl Monje Libros _cCompra 2015 Exp. 827-2158/15 _d255,60 _e20151229 _fPAT0062171 _j54151 |
||
| 929 |
_aCOMPRA _bEl Monje Libros _cCompra 2015 Exp. 827-2158/15 _d255,60 _e20151229 _fPAT0062172 _j54152 |
||
| 929 |
_aCOMPRA _bEl Monje Libros _cCompra 2015 Exp. 827-2158/15 _d255,60 _e20151229 _fPAT0062173 _j54153 |
||
| 942 |
_cLIB _n0 |
||
| 999 |
_c92 _d92 |
||